Perspectivas de la democracia en Honduras /
Guardado en:
| Hovedforfatter: | |
|---|---|
| Andre forfattere: | |
| Format: | Texto |
| Udgivet: |
Panamá
|
| Tags: |
Tilføj Tag
Ingen Tags, Vær først til at tagge denne postø!
|
MARC
| LEADER | 00000 a a2200000 04500 | ||
|---|---|---|---|
| 001 | 21568 | ||
| 003 | |||
| 040 | |||
| 090 | |a 095600 | ||
| 100 | |a Espinal, German | ||
| 245 | |a Perspectivas de la democracia en Honduras / |c German Espinal | ||
| 260 | |a Panamá | ||
| 300 | |a 9 p. | ||
| 700 | |a Paz Aguilar, Ernesto | ||
| 999 | |c 11555 |d 11555 | ||
